[Event "FISU World University-ch 2020"]
[Site "Online"]
[Date "2020.10.26"]
[Round "8.4"]
[White "Makhnev, Denis"]
[Black "Akhmetov, Ayan"]
[Result "0-1"]
[WhiteElo "2486"]
[BlackElo "2438"]
[Annotator "TA"]
[PlyCount "120"]
[EventDate "2020.10.26"]
[SourceTitle "playchess.com"]
[Source "ChessBase"]
[SourceQuality "1"]

1. d4 d6 2. Nf3 Bg4 3. g3 Bxf3 4. exf3 g6 5. c3 c6 6. f4 Bg7 7. Qb3 Qc7 8. Nd2 Nf6 9. Bg2 O-O 10. O-O e6 11. Nc4 d5 12. Ne5 c5 13. dxc5 Nfd7 14. c4 Nxc5 15. Qa3 Bxe5 16. fxe5 dxc4 17. Qb4 Nbd7 18. Qxc4 Nxe5 19. Qh4 Ncd7 20. Bh6 Rfc8 21. Rad1 Qb6 22. b3 Rc2 23. Be3 Qb5 24. Qe7 Rxa2 25. f4 Ng4 26. Bf2 Ndf6 27. Rd8+ Rxd8 28. Qxd8+ Kg7 29. Bd4 Qxb3 30. Bf3 Qc2 31. Rf2 Qc1+ 32. Rf1 Qd2 33. Rf2 Qe1+ 34. Rf1 Qd2 35. Rf2 Qe1+ 36. Rf1 Qxf1+ 37. Kxf1 Nxh2+ 38. Kg1 Nxf3+ 39. Kf1 Nh2+ 40. Kg1 Nf3+ 41. Kf1 Nxd4 42. Qxd4 h5 43. Kg1 b6 44. Qe5 a6 45. Kf1 b5 46. Qc3 a5 47. Qb3 Ra1+ 48. Kg2 b4 49. Qb2 Ra3 50. Kh2 Rc3 51. Qa1 Ng4+ 52. Kg2 Ne3+ 53. Kh2 Nc4 54. Qd1 e5 55. fxe5 Nxe5 56. Qd4 f6 57. Qa7+ Kh6 58. Qxa5 Rc2+ 59. Kg1 b3 60. Qb6 b2 0-1

[Event "FISU World University-ch 2020"]
[Site "Online"]
[Date "2020.10.26"]
[Round "8.4"]
[White "Mezentsev, Ivan"]
[Black "Serikbay, Assel"]
[Result "1/2-1/2"]
[WhiteElo "2354"]
[BlackElo "2247"]
[Annotator "ChessBase"]
[PlyCount "67"]
[EventDate "2020.10.26"]
[SourceTitle "playchess.com"]
[Source "ChessBase"]
[SourceQuality "1"]

1. Nf3 d5 2. g3 Nf6 3. Bg2 c6 4. O-O g6 5. b3 Bg7 6. Bb2 O-O 7. d4 Nbd7 8. c4 Ne4 9. Nbd2 Ndf6 10. e3 a5 11. a3 a4 12. bxa4 Qa5 13. Nb3 Qxa4 14. c5 Nd7 15. Ra2 b6 16. cxb6 Nxb6 17. Nbd2 Ba6 18. Re1 Qxd1 19. Rxd1 Nd6 20. Bc3 Nbc4 21. Bb4 Rfb8 22. Bf1 Nxd2 23. Rdxd2 Bxf1 24. Kxf1 Nc4 25. Rdc2 e6 26. Nd2 Nxd2+ 27. Bxd2 Bf8 28. a4 Bb4 29. Bxb4 Rxb4 30. Rxc6 Rbxa4 31. Rxa4 Rxa4 32. h4 h5 33. Kg2 Kg7 34. Rc8 1/2-1/2

[Event "FISU World University-ch 2020"]
[Site "Online"]
[Date "2020.10.26"]
[Round "8.4"]
[White "Turar, Dastan"]
[Black "Rakhimzhan, Alen"]
[Result "1-0"]
[WhiteElo "2229"]
[BlackElo "2273"]
[Annotator "TA"]
[PlyCount "145"]
[EventDate "2020.10.26"]
[SourceTitle "playchess.com"]
[Source "ChessBase"]
[SourceQuality "1"]

1. d4 Nf6 2. Nf3 e6 3. c4 b6 4. g3 c6 5. Bg2 Be7 6. O-O O-O 7. Nc3 d5 8. cxd5 cxd5 9. Bf4 Ba6 10. Ne5 Nfd7 11. Nf3 Nc6 12. Rc1 Na5 13. Re1 Nf6 14. Ne5 Rc8 15. Qa4 Qe8 16. Qd1 b5 17. Qd3 Nc4 18. b3 Nxe5 19. Bxe5 Rc6 20. Nb1 Qd7 21. a3 b4 22. Qd2 bxa3 23. Bxf6 Bxf6 24. Nxa3 Rfc8 25. Ra1 g6 26. b4 Rb6 27. Reb1 Rcb8 28. Bf1 Be7 29. Nc2 Bb5 30. Ra5 R8b7 31. e3 Bxf1 32. Kxf1 Qc6 33. Kg2 Rc7 34. Rb2 h5 35. h4 Rb5 36. Qd3 Rcb7 37. Rxb5 Qxb5 38. Qxb5 Rxb5 39. Ra2 Rb7 40. Kf1 Kf8 41. Ke2 Ke8 42. Kd3 Kd8 43. Kc3 Kc8 44. Ra1 Kb8 45. Ra2 Rc7+ 46. Kb3 Rc4 47. Ra1 Kb7 48. Ra2 Kb6 49. Ra1 a6 50. Ra2 f6 51. Ra1 Rc8 52. Re1 g5 53. Rh1 Rh8 54. Ne1 Rh7 55. Nd3 Kc6 56. Ka4 Bd6 57. Rc1+ Kb6 58. Rh1 Rh8 59. Nc5 Bxc5 60. bxc5+ Kc6 61. Rb1 gxh4 62. gxh4 Rg8 63. Rb6+ Kd7 64. Rb7+ Kc8 65. Rf7 e5 66. Ka5 exd4 67. exd4 Rg1 68. Kb6 Kd8 69. c6 Rb1+ 70. Kc5 Ke8 71. Rh7 a5 72. c7 Rc1+ 73. Kd6 1-0

[Event "FISU World University-ch 2020"]
[Site "Online"]
[Date "2020.10.26"]
[Round "8.4"]
[White "Muratova, Anel"]
[Black "Sadubayev, Airat"]
[Result "0-1"]
[WhiteElo "1753"]
[BlackElo "2190"]
[Annotator "ChessBase"]
[PlyCount "104"]
[EventDate "2020.10.26"]
[SourceTitle "playchess.com"]
[Source "ChessBase"]
[SourceQuality "1"]

1. e4 c5 2. Nf3 d6 3. d3 Nc6 4. g3 g6 5. Bg2 Bg7 6. O-O e5 7. Nc3 Nge7 8. Nd2 O-O 9. Nc4 Be6 10. Ne3 f5 11. f4 Qd7 12. Ncd5 Rae8 13. c3 h6 14. Bd2 Kh7 15. a4 Ng8 16. Kh1 Nf6 17. Qc2 Rf7 18. Rae1 Ref8 19. fxe5 dxe5 20. Nxf6+ Rxf6 21. Nd5 R6f7 22. Qd1 g5 23. Qh5 f4 24. h3 Ne7 25. c4 Nc6 26. gxf4 gxf4 27. Bc3 Qd8 28. Bf3 Qg5 29. Rg1 Qxh5 30. Bxh5 Rd7 31. Kh2 Nd4 32. Bxd4 exd4 33. Ref1 Be5 34. Bg6+ Kh8 35. Rf3 Rg7 36. Bh5 Rg5 37. Bg4 Bf7 38. h4 Rg7 39. Ne7 Bg6 40. Nd5 Be8 41. Kh3 Rfg8 42. Nxf4 Rxg4 43. Rxg4 Bd7 44. Ng6+ Rxg6 45. Rf8+ Kh7 46. Rf7+ Rg7 47. Rxd7 Rxd7 48. h5 Rg7 49. Rxg7+ Kxg7 50. Kh4 Kf6 51. Kg4 Bc7 52. b3 b6 0-1

[Event "FISU World University-ch 2020"]
[Site "Online"]
[Date "2020.10.26"]
[Round "8.5"]
[White "Agibileg, Uurtsaikh"]
[Black "Molenda, Marcin"]
[Result "1-0"]
[WhiteElo "2413"]
[BlackElo "2349"]
[Annotator "TA"]
[PlyCount "91"]
[EventDate "2020.10.26"]
[SourceTitle "playchess.com"]
[Source "ChessBase"]
[SourceQuality "1"]

1. d4 Nf6 2. c4 g6 3. Nc3 Bg7 4. e4 d6 5. Be2 O-O 6. Nf3 e5 7. O-O exd4 8. Nxd4 Re8 9. f3 c6 10. Kh1 Nbd7 11. Bg5 Qb6 12. Nb3 a5 13. Qd2 a4 14. Be3 Qc7 15. Nd4 Nc5 16. Rab1 Qe7 17. Rfe1 Nfd7 18. b4 axb3 19. axb3 Be5 20. f4 Bg7 21. Bf3 Nb6 22. Bf2 Ra3 23. Qc2 Qf6 24. Nde2 Nbd7 25. Bd4 Qe7 26. Bxg7 Kxg7 27. b4 Ne6 28. Qb2 Rxc3 29. Qxc3+ f6 30. Rbd1 Ndf8 31. Rd3 Nd8 32. Red1 Nf7 33. Nd4 Qc7 34. Qd2 Kg8 35. Nb3 Be6 36. c5 dxc5 37. Nxc5 Bc8 38. g3 Kg7 39. Rc1 Qb6 40. Bd1 Qc7 41. b5 b6 42. Na6 Qe7 43. Rxc6 Bb7 44. Rc7 Bxe4+ 45. Kg1 Qe6 46. Bb3 1-0

[Event "FISU World University-ch 2020"]
[Site "Online"]
[Date "2020.10.26"]
[Round "8.5"]
[White "Eggink, Ryszard"]
[Black "Garidmagnai, Byambasuren"]
[Result "1-0"]
[WhiteElo "2387"]
[BlackElo "2369"]
[Annotator "TA"]
[PlyCount "119"]
[EventDate "2020.10.26"]
[SourceTitle "playchess.com"]
[Source "ChessBase"]
[SourceQuality "1"]

1. d4 g6 2. c4 Bg7 3. Nc3 d6 4. e4 e5 5. dxe5 dxe5 6. Qxd8+ Kxd8 7. Be3 c6 8. O-O-O+ Kc7 9. h4 Be6 10. g3 Nh6 11. f3 Nd7 12. Bh3 Bxh3 13. Nxh3 f6 14. h5 Nf8 15. Rd2 Ne6 16. Rhd1 Rhd8 17. Rxd8 Nxd8 18. Nf2 Ne6 19. Nd3 Nf7 20. Nc5 Nxc5 21. Bxc5 b5 22. cxb5 cxb5 23. hxg6 hxg6 24. Bxa7 Kc6 25. Be3 Rh8 26. Nd5 Rh3 27. Ne7+ Kc7 28. Rg1 g5 29. Nf5 Bf8 30. Rg2 Nd6 31. Nxd6 Bxd6 32. Kc2 Kc6 33. Kd3 Kd7 34. Ke2 Rh1 35. Bg1 Ke6 36. Kd3 f5 37. exf5+ Kxf5 38. g4+ Ke6 39. Ke4 Be7 40. a3 Bd6 41. Be3 Re1 42. Kd3 Be7 43. Rh2 Rb1 44. Ke4 Bf6 45. Rc2 Be7 46. Bc1 Bd8 47. Rc6+ Kd7 48. Kd5 Be7 49. Rc2 Bf6 50. Kc5 Ke6 51. Kxb5 Kd5 52. a4 Kd4 53. a5 Ra1 54. a6 Kd3 55. Rc3+ Ke2 56. Ra3 Rxc1 57. a7 Rc8 58. a8=Q Rxa8 59. Rxa8 Kxf3 60. Rf8 1-0

[Event "FISU World University-ch 2020"]
[Site "Online"]
[Date "2020.10.26"]
[Round "8.5"]
[White "Lewicki, Miroslaw"]
[Black "Bilguun, Sumiya"]
[Result "0-1"]
[WhiteElo "2348"]
[BlackElo "2454"]
[Annotator "ChessBase"]
[PlyCount "74"]
[EventDate "2020.10.26"]
[SourceTitle "playchess.com"]
[Source "ChessBase"]
[SourceQuality "1"]

1. e4 c5 2. Nf3 e6 3. Nc3 a6 4. g3 Nc6 5. Bg2 e5 6. O-O Nf6 7. d3 Be7 8. a4 O-O 9. Nd2 d6 10. Nc4 Bg4 11. f3 Be6 12. f4 h6 13. Be3 Rb8 14. f5 Bd7 15. a5 Nd4 16. Nb6 Bc6 17. h4 Kh8 18. Rf2 Rg8 19. Ncd5 g5 20. fxg6 Rxg6 21. Nxf6 Bxf6 22. Qh5 Qf8 23. Raf1 Qg7 24. c3 Ne6 25. Nd5 Bxd5 26. exd5 Nf4 27. gxf4 Rg8 28. Qf3 Rg3 29. Qe4 Rg4 30. Re2 Bxh4 31. Rff2 Bxf2+ 32. Rxf2 f5 33. Qf3 Rg3 34. Qe2 Qe7 35. Kf1 Qh4 36. fxe5 Qh1+ 37. Bxh1 Rg1# 0-1

[Event "FISU World University-ch 2020"]
[Site "Online"]
[Date "2020.10.26"]
[Round "8.5"]
[White "Uuriintuya, Uurtsaikh"]
[Black "Kubicka, Anna"]
[Result "1-0"]
[WhiteElo "2288"]
[BlackElo "2252"]
[Annotator "ChessBase"]
[PlyCount "159"]
[EventDate "2020.10.26"]
[SourceTitle "playchess.com"]
[Source "ChessBase"]
[SourceQuality "1"]

1. e4 c6 2. c4 e5 3. Nf3 d6 4. d4 Nd7 5. Nc3 Ngf6 6. Be2 Be7 7. O-O O-O 8. Re1 Re8 9. a3 a6 10. b4 Bf8 11. Qc2 exd4 12. Nxd4 Ne5 13. Bb2 Bg4 14. Bf1 Be6 15. Nxe6 Rxe6 16. Rad1 Qc7 17. Ne2 Ng6 18. Nd4 Ree8 19. Nf5 Ne5 20. f4 Ned7 21. Qd3 Re6 22. Nd4 Ree8 23. Nf5 Re6 24. Qg3 g6 25. Bd3 Nh5 26. Qg5 Qd8 27. Nh6+ Bxh6 28. Qxh6 Qf8 29. Qg5 Qd8 30. Qg4 Ndf6 31. Qf3 Ng7 32. e5 Nfe8 33. f5 gxf5 34. Bxf5 Nxf5 35. Qxf5 Qe7 36. Re3 Ng7 37. Qf4 dxe5 38. Rxe5 Re8 39. Rde1 Rxe5 40. Rxe5 Qd7 41. h3 Re6 42. Qg4 f6 43. Rxe6 Qxe6 44. Qxe6+ Nxe6 45. Bxf6 Kf7 46. Be5 Ng5 47. Kf2 Ke6 48. Bf4 Ne4+ 49. Kf3 Nc3 50. g4 b5 51. cxb5 Nxb5 52. Bc1 Nd4+ 53. Ke3 Nb5 54. h4 Nd6 55. Kd4 Nb7 56. Bf4 Kf6 57. h5 Ke6 58. Be5 Nd8 59. Bc7 Nf7 60. Kc5 Kd7 61. Bf4 Nd8 62. Kb6 Ne6 63. Be5 Ng5 64. Kxa6 Ke6 65. Bf4 Ne4 66. Kb6 Kd7 67. g5 Nc3 68. Kc5 Nd5 69. Bc1 Ne7 70. g6 hxg6 71. h6 g5 72. h7 Ng6 73. Bb2 g4 74. h8=Q Nxh8 75. Bxh8 g3 76. Bd4 g2 77. Kb6 Kd6 78. a4 Kd5 79. Bc5 Kc4 80. a5 1-0

[Event "FISU World University-ch 2020"]
[Site "Online"]
[Date "2020.10.26"]
[Round "8.6"]
[White "Rubio Tent, Francisco"]
[Black "Yeoh, Li Tian"]
[Result "0-1"]
[WhiteElo "2357"]
[BlackElo "2523"]
[Annotator "TA"]
[PlyCount "62"]
[EventDate "2020.10.26"]
[SourceTitle "playchess.com"]
[Source "ChessBase"]
[SourceQuality "1"]

1. e4 d6 2. d4 Nf6 3. Nc3 g6 4. Nf3 Bg7 5. g3 O-O 6. Bg2 c5 7. dxc5 dxc5 8. O-O Nc6 9. Be3 Qa5 10. Qe2 Bg4 11. Qe1 Rad8 12. Nd2 Nd4 13. Nb3 Qc7 14. Qc1 e5 15. h3 Be2 16. Re1 Bc4 17. Kh2 Rd7 18. Nd2 Ba6 19. Nd5 Nxd5 20. exd5 f5 21. c3 f4 22. Bxd4 exd4 23. c4 Bh6 24. Qd1 fxg3+ 25. fxg3 Bxd2 26. Qxd2 Bxc4 27. Qg5 Qd8 28. Qxd8 Rdxd8 29. Rac1 Bxd5 30. Rxc5 Rf2 31. Rg1 d3 0-1

[Event "FISU World University-ch 2020"]
[Site "Online"]
[Date "2020.10.26"]
[Round "8.6"]
[White "Navarrete Espi, Samuel"]
[Black "Sivanesan, Subramanian"]
[Result "1-0"]
[WhiteElo "2251"]
[BlackElo "1977"]
[Annotator "ChessBase"]
[PlyCount "81"]
[EventDate "2020.10.26"]
[SourceTitle "playchess.com"]
[Source "ChessBase"]
[SourceQuality "1"]

1. e4 c5 2. Nf3 Nc6 3. d4 cxd4 4. Nxd4 Nf6 5. Nc3 e5 6. Ndb5 d6 7. Bg5 a6 8. Na3 b5 9. Nd5 Be7 10. Bxf6 Bxf6 11. c4 b4 12. Nc2 a5 13. g3 O-O 14. Bg2 Rb8 15. b3 Be7 16. O-O Be6 17. Qd3 Qd7 18. Rad1 Rfd8 19. h4 Bf8 20. Rd2 Ne7 21. Rfd1 f5 22. Nce3 Bxd5 23. Nxd5 f4 24. c5 fxg3 25. fxg3 Qa7 26. Qc4 Kh8 27. Rf2 Nxd5 28. Rxd5 dxc5 29. Rxe5 Rd1+ 30. Kh2 Rbd8 31. Ref5 Be7 32. Rf7 R1d7 33. Qe6 Bf6 34. R7xf6 gxf6 35. Qxf6+ Kg8 36. Bh3 Rd6 37. Be6+ Rxe6 38. Qxd8+ Kg7 39. Qf8+ Kg6 40. Rf5 Qe7 41. h5# 1-0

[Event "FISU World University-ch 2020"]
[Site "Online"]
[Date "2020.10.26"]
[Round "8.6"]
[White "Tan, Li Ting"]
[Black "Garcia Martin, Marta"]
[Result "0-1"]
[WhiteElo "2087"]
[BlackElo "2328"]
[Annotator "TA"]
[PlyCount "122"]
[EventDate "2020.10.26"]
[SourceTitle "playchess.com"]
[Source "ChessBase"]
[SourceQuality "1"]

1. Nf3 Nf6 2. b3 b6 3. Bb2 Bb7 4. e3 e6 5. d4 d5 6. Bd3 Bd6 7. O-O O-O 8. Nbd2 c5 9. Qe2 Nc6 10. a3 Rc8 11. dxc5 Bxc5 12. e4 Re8 13. e5 Nd7 14. b4 Bf8 15. Nb3 g6 16. Nbd4 Nxd4 17. Nxd4 a5 18. c3 Bg7 19. f4 f6 20. Nf3 Qc7 21. Bb5 Bc6 22. Ba6 Rcd8 23. exf6 Bxf6 24. Bd3 Bb7 25. Bb5 Re7 26. Nd4 e5 27. fxe5 Bxe5 28. Qf3 Bxh2+ 29. Kh1 Ne5 30. Qh3 Bf4 31. Rxf4 Nd3 32. Bxd3 Qxf4 33. Qf3 Qh4+ 34. Qh3 Qxh3+ 35. gxh3 Re3 36. Bf1 Rde8 37. Kg1 Re1 38. Rxe1 Rxe1 39. Ne2 Ba6 40. Kf2 Rb1 41. bxa5 bxa5 42. c4 Rxb2 43. cxd5 Kf8 44. Ke3 Bxe2 45. Bxe2 Ke7 46. Bc4 Rh2 47. Kd4 Kd6 48. Bb5 Rxh3 49. a4 Rh4+ 50. Ke3 Kxd5 51. Kf3 Ke5 52. Kg3 Rd4 53. Kf3 h5 54. Kg3 g5 55. Kh3 Kf4 56. Kh2 g4 57. Kg2 h4 58. Kf2 g3+ 59. Kg2 Rd2+ 60. Kg1 h3 61. Bf1 Rd1 0-1

[Event "FISU World University-ch 2020"]
[Site "Online"]
[Date "2020.10.26"]
[Round "8.6"]
[White "Mohd Saprin, Amir Ghaazi"]
[Black "Torrijos Garcia, Borja"]
[Result "1/2-1/2"]
[WhiteElo "1951"]
[BlackElo "2130"]
[Annotator "ChessBase"]
[PlyCount "72"]
[EventDate "2020.10.26"]
[SourceTitle "playchess.com"]
[Source "ChessBase"]
[SourceQuality "1"]

1. Nf3 c5 2. c4 g6 3. g3 Bg7 4. Bg2 Nf6 5. Nc3 O-O 6. O-O d5 7. cxd5 Nxd5 8. Nxd5 Qxd5 9. d3 Nc6 10. Be3 Qd6 11. Rb1 Be6 12. a3 Bd5 13. Qd2 Nd4 14. Nxd4 cxd4 15. Bf4 e5 16. Bxd5 Qxd5 17. Bh6 Bxh6 18. Qxh6 Rae8 19. f3 f5 20. Rbc1 Rf7 21. Rc4 b5 22. Rc2 e4 23. fxe4 fxe4 24. Rxf7 Qxf7 25. dxe4 Rxe4 26. Rc8+ Re8 27. Rxe8+ Qxe8 28. Kf2 Qe6 29. Qf4 Qd7 30. h4 h5 31. Qf6 Kh7 32. Kf3 d3 33. exd3 Qxd3+ 34. Kg2 Qe2+ 35. Qf2 Qe4+ 36. Kh2 Qe7 1/2-1/2

[Event "FISU World University-ch 2020"]
[Site "Online"]
[Date "2020.10.26"]
[Round "8.7"]
[White "Livaic, Leon"]
[Black "Chylewski, Patryk"]
[Result "1-0"]
[WhiteElo "2507"]
[BlackElo "2330"]
[Annotator "TA"]
[PlyCount "169"]
[EventDate "2020.10.26"]
[SourceTitle "playchess.com"]
[Source "ChessBase"]
[SourceQuality "1"]

1. d4 Nf6 2. c4 e6 3. Nf3 d5 4. Nc3 a6 5. cxd5 exd5 6. Bg5 Be6 7. e3 Nbd7 8. Bd3 Bd6 9. h3 c6 10. Bf4 Qc7 11. Bxd6 Qxd6 12. O-O O-O 13. Qc2 a5 14. Na4 b5 15. Nc3 Nb6 16. e4 dxe4 17. Nxe4 Nxe4 18. Bxe4 Nd5 19. Bxh7+ Kh8 20. Be4 Rac8 21. a3 Nf4 22. Rfe1 g6 23. Qc5 Qxc5 24. dxc5 f5 25. Bc2 Bd5 26. Re3 Bxf3 27. Rxf3 Ne2+ 28. Kf1 Nd4 29. Rc3 Rcd8 30. Re1 Kg7 31. Bd1 Rfe8 32. Rxe8 Rxe8 33. Rd3 Ne6 34. b4 axb4 35. axb4 Nf4 36. Rd7+ Kf6 37. Bf3 Ra8 38. Kg1 Ra4 39. Rd6+ Ke5 40. Rxc6 Rxb4 41. Rb6 Ne6 42. c6 Nd4 43. c7 Nxf3+ 44. gxf3 Rc4 45. Rxb5+ Kf6 46. Rb7 Kg5 47. f4+ Kf6 48. Kg2 Ke6 49. Kg3 Kf6 50. f3 Rc1 51. Kh4 Rc4 52. Rb6+ Kf7 53. Kg5 Rxc7 54. Rxg6 Rc3 55. h4 Rxf3 56. h5 Ra3 57. Rb6 Ra1 58. Rb7+ Ke6 59. Rb6+ Kf7 60. Kxf5 Ra5+ 61. Kg4 Ra1 62. Kg5 Rf1 63. Rb7+ Ke6 64. Rg7 Rf2 65. h6 Rg2+ 66. Kh5 Rh2+ 67. Kg6 Rg2+ 68. Kh7 Rh2 69. Rg5 Kf6 70. Ra5 Rh4 71. Kg8 Rg4+ 72. Rg5 Rxf4 73. h7 Kxg5 74. h8=Q Kf5 75. Kf7 Re4 76. Qh5+ Kf4 77. Kf6 Ke3 78. Qd5 Rd4 79. Qc5 Ke4 80. Qf5+ Ke3 81. Ke5 Rc4 82. Qh3+ Kd2 83. Kd5 Rf4 84. Qh6 Ke3 85. Ke5 1-0

[Event "FISU World University-ch 2020"]
[Site "Online"]
[Date "2020.10.26"]
[Round "8.7"]
[White "Sliwicka, Alicja"]
[Black "Bosnjak, Petar"]
[Result "1/2-1/2"]
[WhiteElo "2311"]
[BlackElo "2308"]
[Annotator "TA"]
[PlyCount "67"]
[EventDate "2020.10.26"]
[SourceTitle "playchess.com"]
[Source "ChessBase"]
[SourceQuality "1"]

1. e4 c5 2. Nf3 d6 3. d4 cxd4 4. Nxd4 Nf6 5. Nc3 a6 6. Nb3 e5 7. Bg5 Be7 8. Qd2 Be6 9. O-O-O Nbd7 10. f4 Qc7 11. f5 Bc4 12. Bxc4 Qxc4 13. h4 Rc8 14. Kb1 b5 15. Na5 Qc7 16. Bxf6 Nxf6 17. Nd5 Nxd5 18. exd5 h5 19. Nc6 Bf6 20. g4 hxg4 21. h5 Rh6 22. Rdg1 Qd7 23. Rf1 Rxc6 24. dxc6 Qxc6 25. Rhg1 Rxh5 26. Rxg4 Rh1 27. Rgg1 Rxg1 28. Rxg1 Ke7 29. Rd1 Kd7 30. Qe3 Qc7 31. Qe4 Qc6 32. Qe3 Qc7 33. Qe4 Qc6 34. Qe3 1/2-1/2

[Event "FISU World University-ch 2020"]
[Site "Online"]
[Date "2020.10.26"]
[Round "8.7"]
[White "Muha, Miljenko"]
[Black "Kiolbasa, Oliwia"]
[Result "1/2-1/2"]
[WhiteElo "2295"]
[BlackElo "2260"]
[Annotator "TA"]
[PlyCount "105"]
[EventDate "2020.10.26"]
[SourceTitle "playchess.com"]
[Source "ChessBase"]
[SourceQuality "1"]

1. d4 d5 2. c4 dxc4 3. e3 Nf6 4. Bxc4 a6 5. Nf3 b5 6. Bd3 Bb7 7. O-O e6 8. a4 b4 9. b3 Nbd7 10. Bb2 c5 11. Nbd2 Be7 12. Rc1 O-O 13. Qe2 cxd4 14. Bxd4 Qb8 15. Nc4 Ne4 16. Na5 Ndc5 17. Bxe4 Nxe4 18. Be5 Bd6 19. Bxd6 Nxd6 20. Ne5 Rc8 21. Rxc8+ Qxc8 22. Nxb7 Nxb7 23. h3 Qc7 24. Nd3 a5 25. Rc1 Qd6 26. Qf3 Qxd3 27. Qxb7 Rd8 28. Rc8 h6 29. Rc7 Qf5 30. Rc8 Rxc8 31. Qxc8+ Kh7 32. Qc4 Qb1+ 33. Kh2 Qb2 34. Qe4+ g6 35. Qf4 Kg7 36. e4 Qxb3 37. Qe5+ Kh7 38. Qxa5 Qc4 39. Qe5 b3 40. a5 Qa4 41. Qf6 Kg8 42. Qd8+ Kg7 43. Qb6 Qxe4 44. a6 Qa4 45. a7 e5 46. Qb8 Qf4+ 47. Kg1 Qc1+ 48. Kh2 Qf4+ 49. Kg1 Qc1+ 50. Kh2 Qf4+ 51. Kg1 Qc1+ 52. Kh2 Qf4+ 53. Kg1 1/2-1/2

[Event "FISU World University-ch 2020"]
[Site "Online"]
[Date "2020.10.26"]
[Round "8.7"]
[White "Kokoszczynski, Jan"]
[Black "Ivekovic, Tihana"]
[Result "1-0"]
[WhiteElo "2221"]
[BlackElo "2127"]
[Annotator "TA"]
[PlyCount "85"]
[EventDate "2020.10.26"]
[SourceTitle "playchess.com"]
[Source "ChessBase"]
[SourceQuality "1"]

1. d4 d5 2. c4 e6 3. Nc3 Nf6 4. cxd5 exd5 5. Bg5 Nbd7 6. e3 c6 7. Bd3 Be7 8. Nge2 Nh5 9. Bxe7 Qxe7 10. g4 Nhf6 11. Ng3 h6 12. h3 g6 13. Qb3 b6 14. O-O-O Bb7 15. Rhe1 O-O-O 16. Kb1 Rhe8 17. f3 Qd6 18. Nf1 Kb8 19. Bc2 Nf8 20. e4 Qc7 21. e5 N6d7 22. f4 f6 23. Ne3 fxe5 24. fxe5 Ka8 25. Rf1 Re7 26. Qa3 Rg7 27. Bb3 Ne6 28. Ka1 Rf8 29. Rxf8+ Ndxf8 30. Rc1 Qd8 31. Rd1 Nf4 32. Rf1 N8e6 33. h4 Rf7 34. Ng2 g5 35. hxg5 hxg5 36. Ne2 Kb8 37. Qb4 Qd7 38. Ngxf4 gxf4 39. a4 f3 40. Ng3 c5 41. dxc5 bxc5 42. Qa5 Rf4 43. Rh1 1-0

[Event "FISU World University-ch 2020"]
[Site "Online"]
[Date "2020.10.26"]
[Round "8.8"]
[White "Pang, Tao"]
[Black "Grimm, Gyorgy"]
[Result "1-0"]
[WhiteElo "2427"]
[BlackElo "2143"]
[Annotator "TA"]
[PlyCount "99"]
[EventDate "2020.10.26"]
[SourceTitle "playchess.com"]
[Source "ChessBase"]
[SourceQuality "1"]

1. d4 d5 2. c4 c6 3. Nf3 Nf6 4. Nc3 e6 5. Bg5 h6 6. Bh4 dxc4 7. e4 g5 8. Bg3 b5 9. Ne5 Bb7 10. h4 gxh4 11. Bxh4 Be7 12. Qf3 Nbd7 13. O-O-O Nxe5 14. dxe5 Nd7 15. Bxe7 Qxe7 16. Rh5 O-O-O 17. Be2 Rhg8 18. g3 Rg5 19. Rxh6 Nxe5 20. Rxd8+ Qxd8 21. Qe3 Rg6 22. Rxg6 Nxg6 23. Qxa7 Ne5 24. Qe3 Nd7 25. a3 Qe7 26. e5 Nc5 27. f4 Nb3+ 28. Kb1 Qd7 29. Bd1 Nd4 30. Ne4 Nf5 31. Qg1 Qd3+ 32. Bc2 Qe3 33. Qxe3 Nxe3 34. Nd6+ Kc7 35. Nxf7 c5 36. Nd6 Bc6 37. Be4 Nf1 38. Bxc6 Kxc6 39. g4 Nh2 40. g5 Ng4 41. g6 Nh6 42. g7 b4 43. Nxc4 bxa3 44. bxa3 Kd5 45. Nd6 Ng8 46. Ne8 Ke4 47. Nf6+ Kxf4 48. Nxg8 Kxe5 49. Nh6 Kf6 50. g8=Q 1-0

[Event "FISU World University-ch 2020"]
[Site "Online"]
[Date "2020.10.26"]
[Round "8.8"]
[White "Marosi, Levente"]
[Black "Zhang, Yinzhe"]
[Result "1/2-1/2"]
[WhiteElo "2251"]
[BlackElo "1960"]
[Annotator "ChessBase"]
[PlyCount "142"]
[EventDate "2020.10.26"]
[SourceTitle "playchess.com"]
[Source "ChessBase"]
[SourceQuality "1"]

1. e4 c5 2. Nf3 d6 3. d4 cxd4 4. Nxd4 Nf6 5. Nc3 a6 6. Bg5 Nbd7 7. f4 e5 8. Nf5 Qb6 9. Qd2 Qxb2 10. Rb1 Qa3 11. Be2 h6 12. Bh4 Qc5 13. Bf2 Qc7 14. O-O exf4 15. Rfd1 g6 16. Nxd6+ Bxd6 17. Qxd6 Qxc3 18. Bd4 Qc6 19. Bxf6 Qxd6 20. Rxd6 Nxf6 21. Rxf6 b5 22. a4 bxa4 23. Bc4 Ra7 24. Bd5 g5 25. Rb8 Rc7 26. Rxa6 Rxc2 27. Rxa4 O-O 28. Raa8 Rc1+ 29. Kf2 Rc2+ 30. Ke1 Kg7 31. Kd1 Rc7 32. Kd2 g4 33. Ke1 h5 34. Ra5 h4 35. Bb3 Kg6 36. Rb6+ f6 37. e5 Re7 38. Kf1 Bf5 39. g3 fxg3 40. hxg3 hxg3 41. Kg2 Kg5 42. Rxf6 Rxf6 43. exf6 Kxf6 44. Bc4 Re3 45. Bd5 Re5 46. Ra6+ Kg5 47. Bb7 Re3 48. Ra5 Kf4 49. Ra4+ Kg5 50. Ra5 Kf6 51. Ra6+ Kg5 52. Ra5 Kf4 53. Ra4+ Be4+ 54. Bxe4 Rxe4 55. Rxe4+ Kxe4 56. Kxg3 Kf5 57. Kg2 Kf4 58. Kf2 g3+ 59. Kg2 Kg4 60. Kg1 Kf3 61. Kf1 g2+ 62. Kg1 Ke2 63. Kxg2 Ke3 64. Kg3 Ke4 65. Kg4 Kd4 66. Kf4 Kc4 67. Ke4 Kc3 68. Ke3 Kb3 69. Kd3 Kb2 70. Kd2 Kb3 71. Kd3 Kb4 1/2-1/2

[Event "FISU World University-ch 2020"]
[Site "Online"]
[Date "2020.10.26"]
[Round "8.8"]
[White "Terbe, Zsuzsanna"]
[Black "Ma, Xinyi"]
[Result "0-1"]
[WhiteElo "2198"]
[BlackElo "1206"]
[Annotator "TA"]
[PlyCount "98"]
[EventDate "2020.10.26"]
[SourceTitle "playchess.com"]
[Source "ChessBase"]
[SourceQuality "1"]

1. d4 d5 2. Bf4 Nf6 3. e3 e6 4. Nf3 Be7 5. Ne5 O-O 6. Nd2 c5 7. c3 Nbd7 8. Bd3 b6 9. O-O Bb7 10. Qf3 Rc8 11. Qh3 h6 12. f3 c4 13. Bc2 Re8 14. e4 Nxe5 15. Bxe5 Nh7 16. Qg3 Bf6 17. Bf4 Bg5 18. Be5 f6 19. Bf4 Bxf4 20. Qxf4 e5 21. Qf5 exd4 22. cxd4 dxe4 23. Nxe4 Qxd4+ 24. Kh1 Nf8 25. Rad1 Qxb2 26. Nd6 Re5 27. Qh3 Rc7 28. Bf5 c3 29. Nxb7 Rxb7 30. Be4 Rc7 31. Rc1 Rec5 32. Rc2 Qb5 33. Rd1 Rh5 34. Qg3 Qe5 35. Bd5+ Kh8 36. f4 Qf5 37. Rxc3 Rxc3 38. Qxc3 Qxf4 39. g3 Qf2 40. Bg2 Rc5 41. Qb4 Qxa2 42. Re1 a5 43. Qe4 Re5 44. Qb1 Rxe1+ 45. Qxe1 a4 46. Qd1 a3 47. Bd5 Qb2 48. Qa4 Qc1+ 49. Kg2 Qd2+ 0-1

[Event "FISU World University-ch 2020"]
[Site "Online"]
[Date "2020.10.26"]
[Round "8.8"]
[White "Wang, Zihao"]
[Black "Juhasz, Barbara"]
[Result "1/2-1/2"]
[WhiteElo "1811"]
[BlackElo "2211"]
[Annotator "TA"]
[PlyCount "117"]
[EventDate "2020.10.26"]
[SourceTitle "playchess.com"]
[Source "ChessBase"]
[SourceQuality "1"]

1. e4 c5 2. Nf3 Nc6 3. d4 cxd4 4. Nxd4 Qb6 5. Nb3 Nf6 6. Nc3 e6 7. Be3 Qc7 8. f3 Bb4 9. Qd2 d5 10. a3 Bxc3 11. Qxc3 dxe4 12. fxe4 O-O 13. Bd3 Ng4 14. Bd2 a6 15. Be2 Nf6 16. Bf3 e5 17. O-O-O Re8 18. Bg5 Nd7 19. h4 Nf8 20. h5 Ne6 21. Be3 Qe7 22. g4 Ng5 23. Bxg5 Qxg5+ 24. Kb1 h6 25. Qd2 Qxd2 26. Rxd2 Be6 27. Nc5 Nd4 28. Bd1 Bc8 29. c3 Ne6 30. Rd5 Nf4 31. Rd6 Ne6 32. Rd5 Nxc5 33. Rxc5 Be6 34. Kc1 f6 35. Be2 Rac8 36. Rxc8 Rxc8 37. Rd1 Kf7 38. Rd6 Ke7 39. Rb6 Rc7 40. Kd2 Bc8 41. a4 Rd7+ 42. Kc2 Rd6 43. Rxd6 Kxd6 44. b4 Bd7 45. a5 Ba4+ 46. Kd2 Bc6 47. Kd3 Be8 48. c4 Bd7 49. c5+ Kc7 50. Ke3 Be6 51. Kd2 Kc6 52. Kc3 Bd7 53. Kd2 Be6 54. Kc3 Bd7 55. Kd2 Be6 56. Kc3 Bd7 57. Kd2 Bc8 58. Kc3 Be6 59. Kd2 1/2-1/2